00474nam a2200157Ia 4500003000400000005001700004008004100021020001500062040000900077082001800086100003100104245010700135260004300242300000900285650002200294OSt20201110122857.0190216s9999||||xx |||||||||||||| ||und|| a8172241593 coclc a892.73bGIB/K1 aGibran, Kahlil,d1883-1931 0aKhalil Gibran reader : bSpirits rebellious. Secrets of the heart. Tears and laughter /cKhalil Gibran bJaico Publishing House,aDelhi:c1999. a361p xArabic Literature